Statistics for US States with Letter G

Click here to take the quiz!

General Stats

  • This quiz has been taken 175 times
  • The average score is 6 of 7

Answer Stats

State% Correct
Georgia
98%
Washington
86%
Wyoming
86%
Michigan
85%
Virginia
85%
West Virginia
84%
Oregon
81%

Score Distribution

Percentile by Number Answered

Percent of People with Each Score

Your Score History

You have not taken this quiz